000 00449nab a2200145Ia 4500
003 ES-SlBCS
005 20210601132900.0
008 140529s1975 xxu||||| |||| 00| 0 ita d
041 _aita
100 1 _aBonessio di Terzet, E.
_9199745
245 0 0 _aUomo e tempo in James Joyce
_c E. Bonessio Di Terzet
600 1 _aJoyce, James-Hombre
_9199764
773 0 _tGiornali di Metafisica
_gvol. 30, nº. 5-6, 1975, págs. 541-558
_w0017-0372
942 _cAR
999 _c587132
_d587132